00314nam a2200121Ia 4500008004100000041000800041082001700049100002000066245003400086260004100120300002400161365000700185240624s9999 xx 000 0 und d aeng a330.0954 ACH aACHARYA SHANKAR aCAN INDIA GROW WITHOUT BHARAT c2008aNew DelhibAcademic Foundation a187 : p. : cm. ; 22 cRS